Artistes musicaux avec un chiffre - Statistiques

Statistiques générales
  • Ce quiz a été pris 285 fois
  • Le résultat moyen est 11 sur 17
Statistiques - réponses
Groupe / Artiste Nombre/Chiffre % Correct
The Jackson _ 5
97%
Maroon _ 5
96%
U_ 2
94%
_ _ Cent 50
93%
_Pac 2
89%
Mickey _D 3
79%
L_ 5
75%
_ Non Blondes 4
70%
deadmau_ 5
54%
Eiffel _ _ 65
51%
_ _ Ter 47
49%
UB _ _ 40
47%
Sum _ _ 41
47%
_ _ Seconds to Mars 30
43%
Blink-_ _ _ 182
38%
_ _kGoldn 24
38%
M_ _ 83
23%
Aucun quiz correspondant
Distribution des résultats
% des personnes avec chaque résultat
Percentile par nombre de réponses
Votre historique - résultats
Vous n’avez pas pris ce quiz